000 00525nam a2200181 a 4500
005 20260322212030.0
008 data
020 _a0446673862
020 _a9780446673860
092 _a158.1 S37 2000
100 1 _aRobinson, Duke.
245 1 0 _aToo nice for your own good :
_bhow to stop making 9 self-sabotaging mistakes /
_cDuke Robinson.
260 _aNew York :
_bWarner Books,
_c2000, ♭1997
300 _axxii, 266 p. ;
_b21 cm.
650 0 _aSelf-defeating behavior
650 0 _aSelf-management (Psychology)
001 data
999 _c688
_d688